Water resources of Winn Parish, Louisiana /

Bibliographic Details
Main Author: White, Vincent E. (Vincent Edward), 1979- (Author)
Corporate Author: Louisiana. Department of Transportation and Development
Format: Government Document eBook
Language:English
Published: [Reston, Va.] : U.S. Department of the Interior, U.S. Geological Survey, 2019.
Series:Fact sheet (Geological Survey (U.S.)) ; 2019-3022.
Subjects:
Online Access:https://purl.fdlp.gov/GPO/gpo128720

MARC

Tag First Indicator Second Indicator Subfields
LEADER 00000cam a2200000 i 4500
001 in00004096713
005 20211120103332.0
006 m o d f
007 cr |||||||||||
008 191126s2019 vauab ob f000 0 eng c
035 |a (OCoLC)on1128882652 
042 |a pcc 
043 |a n-us-la 
040 |a GPO  |b eng  |e rda  |e pn  |c GPO  |d MvI 
049 |a WWW 
074 |a 0621-L (online) 
086 0 |a I 19.127:2019-3022 
100 1 |a White, Vincent E.  |q (Vincent Edward),  |d 1979-  |e author. 
245 1 0 |a Water resources of Winn Parish, Louisiana /  |c by Vincent E. White. 
264 1 |a [Reston, Va.] :  |b U.S. Department of the Interior, U.S. Geological Survey,  |c 2019. 
300 |a 1 online resource (6 unnumbered pages) :  |b color illustrations, color map. 
336 |a text  |b txt  |2 rdacontent 
337 |a computer  |b c  |2 rdamedia 
338 |a online resource  |b cr  |2 rdacarrier 
490 1 |a Fact sheet / U.S. Geological Survey,  |x 2327-6932 ; ;  |v 2019-3022 
500 |a "Prepared in cooperation with the Louisiana Department of Transportation and Development." 
500 |a "September 2019." 
504 |a Includes bibliographical references (page 6). 
588 |a Description based on online resource, PDF version; title from caption (USGS, viewed November 26, 2019). 
650 0 |a Water-supply  |z Louisiana  |z Winn Parish. 
650 0 |a Water quality  |z Louisiana  |z Winn Parish. 
650 0 |a Water consumption  |z Louisiana  |z Winn Parish. 
710 2 |a Geological Survey (U.S.),  |e issuing body. 
710 1 |a Louisiana.  |b Department of Transportation and Development. 
776 0 8 |i Print version:  |a White, Vincent E. (Vincent Edward), 1979-  |t Water resources of Winn Parish, Louisiana  |w (OCoLC)1128882574 
830 0 |a Fact sheet (Geological Survey (U.S.)) ;  |v 2019-3022. 
856 4 0 |u https://purl.fdlp.gov/GPO/gpo128720  |t 0 
999 f f |s 000a8e73-2d9c-3064-80dd-3709db62cee2  |i 46ad2a02-b9fd-3206-9f30-197b2d6a0dc6  |t 0 
952 f f |a Texas A&M University  |b College Station  |c Electronic Resources  |d Available Online  |t 0  |e I 19.127:2019-3022  |h Superintendent of Documents classification 
998 f f |a I 19.127:2019-3022  |t 0  |l Available Online